000 00545cam a2200217 i 4500
001 3226586
005 20180207050616.0
008 790517s1980 nyua b 001 0 eng
010 _a 79015486
020 _a0023698705
040 _aDLC
_cDLC
_dDLC
041 _aeng
080 _a512.5 LEO
082 0 0 _a512.5 LEO
100 1 _a36
101 _aMAT
245 1 0 _aLinear algebra with applications /
_cSteven J. Leon.
504 _aBibliography: p. 319-320.
906 _a7
_bcbc
_corignew
_d1
_eocip
_f19
_gy-gencatlg
942 _2ddc
_cBK
999 _c42000
_d42000